Представление документа в формате RUSMARC

ПолеНазваниеЗначение
  Тип записи c
  Библиографический уровень m
001 Контрольный номер RU/УОНБ/EK_N/322859548
005 Дата корректировки 20250520122159.9
010 Индекс ISBN __
9 Тираж 2000 экз.
071 Издательские номер (звукозапись и ноты) 20
a Номер, присвоенный агентством 9431
100 Данные общей обработки __
a Данные общей обработки 19910216d1992 u u0rusy0103 ca
101 Язык документа 0_
a Язык текста rus
200 Заглавие и сведения об ответственности 1_
a Заглавие Произведения советских композиторов для женского хора
210 Выходные данные 1_
a Место издания Москва
c Издательство Советский композитор
d Дата издания 1992
215 Физическое описание __
d Формат 29 см
461 Уровень набора _0
1 2001
a Произведения советских композиторов для женского хора
v Вып. 4
1 210
a М.
c Сов. композитор
1 215
d 29 см
463 Уровень физической единицы _0
1 010
d 5 р .09 к.
9 2000 экз.
1 2000
a Вып. 4
v Вып. 4
1 210
d 1992
1 215
a 79 с.
1 3270
a Родионова Л. Три песни на стихи А. Кольцова: Кольцо, Перстень, Грусть девушки; Кажилоти Р. Три хора: Утро, Солнце землю озарило, Майский дождик / сл. нар.; Калистратов В. Плач невесты / сл. нар., Ау! / сл. С. Есенина; Соколов В. Вечное движение / сл. В. Викторова; Плицын И. Два хора на стихи А. Фета: Только в мире и есть, Чудная картина; Жаров А. На улице дождь, Скоморошина; Пьянков В. Два хора: Зима покроет все, Наступает время / сл. М. Садовского; / сл. нар.; Вдоль реки голубой. Бурятская нар. песня; Алая ленточка. Коми нар. песня; Григоренко В. Внимая ужасам войны! / сл. Н. Некрасова; Шафаг Р. Элегия-экспромт (вокализ).
1 702 1
a Евграфов
b Ю.
4 сост.
464 Аналитический уровень _0
1 2001
a Кольцо
464 Аналитический уровень _0
1 2001
a Перстень
464 Аналитический уровень _0
1 2001
a Грусть девушки
464 Аналитический уровень _0
1 2001
a Утро
464 Аналитический уровень _0
1 2001
a Солнце землю озарило
464 Аналитический уровень _0
1 2001
a Майский дождик
464 Аналитический уровень _0
1 2001
a Плач невесты
464 Аналитический уровень _0
1 2001
a Ау!
464 Аналитический уровень _0
1 2001
a Вечное движение
464 Аналитический уровень _0
1 2001
a Только в мире и есть
464 Аналитический уровень _0
1 2001
a Чудная картина
464 Аналитический уровень _0
1 2001
a На улице дождь
464 Аналитический уровень _0
1 2001
a Скоморошина
464 Аналитический уровень _0
1 2001
a Зима покроет все
464 Аналитический уровень _0
1 2001
a Наступает время
464 Аналитический уровень _0
1 2001
a Вдоль реки голубой
464 Аналитический уровень _0
1 2001
a Алая ленточка
464 Аналитический уровень _0
1 2001
a Внимая ужасам войны!
464 Аналитический уровень _0
1 2001
a Элегия-экспромт
464 Аналитический уровень _0
1 700 1
a Родионова
b Л.
464 Аналитический уровень _0
1 700 1
a Кольцов
b А.
464 Аналитический уровень _0
1 700 1
a Кажилоти
b Р.
464 Аналитический уровень _0
1 700 1
a Калистратов
b В.
464 Аналитический уровень _0
1 700 1
a Есенин
b С.
464 Аналитический уровень _0
1 700 1
a Соколов
b В.
464 Аналитический уровень _0
1 700 1
a Викторов
b В.
464 Аналитический уровень _0
1 700 1
a Плицын
b И.
464 Аналитический уровень _0
1 700 1
a Фет
b А.
464 Аналитический уровень _0
1 700 1
a Жаров
b А.
464 Аналитический уровень _0
1 700 1
a Пьянков
b В.
464 Аналитический уровень _0
1 700 1
a Григоренко
b В.
464 Аналитический уровень _0
1 700 1
a Некрасов
b Н.
464 Аналитический уровень _0
1 700 1
a Шафаг
b Р.
464 Аналитический уровень _0
1 700 1
a Садовский
b М.
606 Тематические рубрики 0_
a Основная рубрика Женские хоры
x Основная подрубрика Камерные произведения вокальные
606 Тематические рубрики 0_
a Основная рубрика Народная музыка
686 Индексы других классификаций __
a Классификационный индекс 85.941.2я43
2 Код системы rubbk
801 Источник записи _0
a Страна RU
b Организация Ульяновская государственная областная научная библиотека им.В.И.Ленина
c Дата составления 19910216
g Правила каталогизации PSBO
801 Источник записи _1
a Страна RU
b Организация Ульяновская государственная областная научная библиотека им.В.И.Ленина
c Дата составления 20100214
901 Тип документа __
t Тип документа n
938 Служебная информация __
a Имя БД noti
b Имя библиотеки УОНБ
c Имя АИБС МАРК-SQL
d Номер DOC_ID в БД 1270